Hotel - monolitická železobetónová konštrukcia

Na minha lista:
Detalhes bibliográficos
Autor principal: Baďo, Libor (Author)
Outros Autores: Borzovič, Viktor (Thesis advisor)
Formato: Manuscrito Livro
Idioma:eslovaco
Publicado em: 2016
Assuntos:
Acesso em linha:http://is.stuba.sk/zp/portal_zp.pl?podrobnosti=116699
https://opac.crzp.sk/?fn=detailBiblioForm&sid=A86BEDB9942C84EDDF94348BE596
Tags: Adicionar Tag
Sem tags, seja o primeiro a adicionar uma tag!

MARC

LEADER 00000ntm a22000003a 4500
001 stuzp56616
003 SK-STU
005 20230822111532.8
007 ta
008 150427s2015----xo-----f-mn---000-0-slo-d
040 |a STU  |b slo 
041 0 |a slo 
100 1 |a Baďo, Libor  |u 010110  |4 aut  |U SvF Stavebná fakulta  |T SvF Katedra betónových konštrukcií a mostov  |X 7111  |U V110  |Y 11  |7 A000007111 
242 0 1 |a Hotel – Cast-in-situ reinforced concrete structure  |y eng 
245 1 0 |a Hotel - monolitická železobetónová konštrukcia 
260 |c 2016 
650 4 |a medzné stavy únosnosti a používateľnosti  |2 slo 
650 4 |a návrh  |2 slo 
650 4 |a železobetón  |2 slo 
650 4 |a konštrukcia  |2 slo 
650 4 |a structure  |2 eng 
650 4 |a ultimate and serviceability limit states  |2 eng 
650 4 |a design  |2 eng 
650 4 |a reinforced concrete  |2 eng 
700 1 |a Borzovič, Viktor  |u 010110  |k Z1  |4 ths  |U SvF Stavebná fakulta  |T SvF Katedra betónových konštrukcií a mostov  |X 3688  |U V110  |Y 11  |7 A000003688 
856 4 |u http://is.stuba.sk/zp/portal_zp.pl?podrobnosti=116699 
856 4 |u https://opac.crzp.sk/?fn=detailBiblioForm&sid=A86BEDB9942C84EDDF94348BE596 
SQL |a stuzp56616  |b DDP  |c SLO  |d Hotel - monolitická železobetónová konštrukcia  |e 7111  |f Baďo, Libor  |g 010110  |h 3688  |i Borzovič, Viktor  |j 20160615  |k 945  |l 01  |m http://is.stuba.sk/zp/portal_zp.pl?podrobnosti=116699  |n I-NKS  |o 5.1.5. inžinierske konštrukcie a dopravné stavby